| 000 | 00444nam a2200145Ia 4500 | ||
|---|---|---|---|
| 008 | 191206s9999 xx 000 0 und d | ||
| 020 | _a312242417 | ||
| 090 | _aDA784.3M3 | ||
| 245 | 0 | _asisters of Henry VIII: the tumultuous lives of Margaret of Scotland and Mary of France | |
| 250 | _a1st U.S. ed. | ||
| 260 | _aSt. Martin's Press | ||
| 260 | _cc1999 | ||
| 300 | _a"xvii, 266 p., [16] p. of plates : ill. ; 25 cm." | ||
| 999 |
_c16908 _d16908 |
||